ភូមិវិទ្យា (Record no. 8489)

000 -LEADER
fixed length control field 00258nam a22001097a 4500
040 ## - CATALOGING SOURCE
Transcribing agency SK
082 ## - DEWEY DECIMAL CLASSIFICATION NUMBER
Classification number 330
100 ## - MAIN ENTRY--AUTHOR NAME
Personal name ក្រសួងអប់រំ
245 ## - TITLE STATEMENT
Title ភូមិវិទ្យា
260 ## - PUBLICATION, DISTRIBUTION, ETC. (IMPRINT)
Place of publication Phnom Penh
Name of publisher អប់រំ
Year of publication 1987
942 ## - ADDED ENTRY ELEMENTS (KOHA)
Koha item type សៀវភៅភាសាខ្មែរ
952 ## - LOCATION AND ITEM INFORMATION (KOHA)
Withdrawn status [LOCAL, KOHA] 0
952 ## - LOCATION AND ITEM INFORMATION (KOHA)
Withdrawn status [LOCAL, KOHA] 0
952 ## - LOCATION AND ITEM INFORMATION (KOHA)
Withdrawn status [LOCAL, KOHA] 0
952 ## - LOCATION AND ITEM INFORMATION (KOHA)
Withdrawn status [LOCAL, KOHA] 0
952 ## - LOCATION AND ITEM INFORMATION (KOHA)
Withdrawn status [LOCAL, KOHA] 0
952 ## - LOCATION AND ITEM INFORMATION (KOHA)
Withdrawn status [LOCAL, KOHA] 0
952 ## - LOCATION AND ITEM INFORMATION (KOHA)
Withdrawn status [LOCAL, KOHA] 0
952 ## - LOCATION AND ITEM INFORMATION (KOHA)
Withdrawn status [LOCAL, KOHA] 0
952 ## - LOCATION AND ITEM INFORMATION (KOHA)
Withdrawn status [LOCAL, KOHA] 0
952 ## - LOCATION AND ITEM INFORMATION (KOHA)
Withdrawn status [LOCAL, KOHA] 0
952 ## - LOCATION AND ITEM INFORMATION (KOHA)
Withdrawn status [LOCAL, KOHA] 0
Holdings
Permanent Location Date acquired Koha item type Lost status Shelving location Barcode Current Location Full call number
Library Block C2016-08-02សៀវភៅភាសាខ្មែរ C186RUA037242Library Block C330 អប់រំ 1987 C186 Or.1
Library Block C2016-08-02សៀវភៅភាសាខ្មែរ C186RUA062327Library Block C330 អប់រំ 1987 C186 Or.2
Library Block C2016-08-02សៀវភៅភាសាខ្មែរ C186RUA062396Library Block C330 អប់រំ 1987 C186 Or.3
Library Block C2016-08-02សៀវភៅភាសាខ្មែរ C186RUA034930Library Block C330 អប់រំ 1987 C186 Or.4
Library Block C2016-08-02សៀវភៅភាសាខ្មែរ  RUA037353Library Block C330 អប់រំ 1987
Library Block C2016-08-02សៀវភៅភាសាខ្មែរ C186RUA062595Library Block C330 អប់រំ 1987 C186 Or.5
Library Block C2016-08-02សៀវភៅភាសាខ្មែរ C186RUA036525Library Block C330 អប់រំ 1987 C186 Or.6
Library Block C2016-08-02សៀវភៅភាសាខ្មែរ C186RUA062663Library Block C330 អប់រំ 1987 C186 Or.7
Library Block C2016-08-02សៀវភៅភាសាខ្មែរ C186RUA037293Library Block C330 អប់រំ 1987 C186 Or.8
Library Block C2016-08-02សៀវភៅភាសាខ្មែរ C186RUA062559Library Block C330 អប់រំ 1987 C186 Or.9
Library Block C2016-08-02សៀវភៅភាសាខ្មែរ C186RUA062504Library Block C330 អប់រំ 1987 C186 Or.10
មជ្ឈមណ្ឌលឯការនៃសាកលវិទ្យាល័យភូមិន្ទកសិកម្មចំការដូង

Powered by Koha